000 00224nam a22001097a 4500
003 OSt
008 231114b |||||||| |||| 00| 0 eng d
041 _amal
100 _asreeni
_95618
245 _aAnthyalikhitham
942 _cBK
999 _c17835
_d17835